| 000 | 00520nam a2200193Ia 4500 | ||
|---|---|---|---|
| 003 | OSt | ||
| 005 | 20260203125100.0 | ||
| 008 | 210210b1957 xxu||||| |||| 00| 0 eng d | ||
| 040 | _cAL | ||
| 041 | _aKannada | ||
| 082 | _a852/524 | ||
| 100 |
_aVINOBHACHARYA BHAVE _dವಿನೋಭಾಚಾರ್ಯ ಭಾವೆ. _9253630 |
||
| 245 |
_aGramadana _bಗ್ರಾಮದಾನ |
||
| 260 |
_aBengaLuru _b- _c1957 |
||
| 650 |
_aGrAmadAna _9253631 |
||
| 690 |
_aKannada Prose _9253632 |
||
| 906 | _a019090 | ||
| 942 |
_2ddc _cBK |
||
| 999 |
_c143173 _d143173 |
||